000 01791nam0a2200373 4500
001 RU\NLR\b_ik\191968
005 20250616231131.0
035 _a(NLR Aleph) 002264417
090 _a3863950
_c3863949
100 _a20111011d2010 |||y0rusy50 ca
101 0 _aeng
102 _aRU
105 _aa |||||||||
200 1 _ae+e- annihilation to n°n°Y and n°nY as a source of information on scalar and vector mesons
_fS. Eidelman, S.Ivashyn, A. Korchin [et al.]
210 _aNovosibirsk
_cBudker institute of nuclear physics SB RAS
_d2010
215 _a35 с.
_cил.
_d20
225 1 _aRussian academy of science, G.I. Budker institute of nuclear physics, Siberian branch
_vBudker INP 2010-5
300 _aВ вып. дан.: e+e- аннигиляция в n°n°Y и n°nY как источник информации о скалярных и векторных мезонах / С. Эйдельман, С. Ивашин, А. Корчин и др.
320 _aБиблиогр.: с. 33-35 (40 назв.)
517 0 _ae+e- аннигиляция в n°n°Y и n°nY как источник информации о скалярных и векторных мезонах
606 1 _aЭлектронно-позитронные пары
_xАннигиляция
_9914937
_3RU\NLR\AUTH\6615208
606 1 _aСкалярные мезоны
_92565325
_3RU\NLR\AUTH\661517266
606 1 _aВекторные мезоны
_91309296
_3RU\NLR\AUTH\66226271
686 1 _aВ382.341
686 1 _aВ382.292.3
686 1 _aВ382.234
701 1 _aÉjdel'man
_bS. I.
_gSemen Isaakovič
_4070
701 1 _aIvašin
_bS.
_4070
701 1 _aKorčin
_bA.
_4070
801 0 _aRU
_bNLR
_c20111011
_gRCR
942 _cBOOK
980 _aNB